| 000 | 00805nam a2200253Ia 4500 | ||
|---|---|---|---|
| 003 | GCL | ||
| 008 | 140319s9999 xx 000 0 ara d | ||
| 040 |
_aGCL / _cGCL |
||
| 082 | 0 | 4 |
_a332.742 _bم ا |
| 100 | 1 | _aمصطفى رشدى شيحة | |
| 245 | 1 | 0 |
_aالاقتصاد النقدى والمصرفى / _cمصطفى رشدى شيحة |
| 260 |
_a[S.N] : _bدار المعرفة الجامعية ، _c1985 |
||
| 300 | _a507 ص | ||
| 490 |
_aالكتب القانونية _v0 |
||
| 650 | 0 | 4 | _aالاقتصاد |
| 650 | 0 | 4 | _aالتخطيط الاقتصادى |
| 650 | 0 | 4 | _aالنقود |
| 650 | 0 | 4 | _aبنوك التنمية |
| 650 | 0 | 4 | _aالبنوك المركزية |
| 650 | 0 | 4 | _aالائتمان الزراعى |
| 650 | 0 | 4 | _aالائتمان |
| 650 | 0 | 4 | _aالتمويل |
| 942 |
_2ddc _cBK |
||
| 999 |
_c34961 _d34961 |
||